000
00332pab a2200145 454500
008
180718b1991 xxu||||| |||| 00| 0 eng d
100
_a
Dua, M.R.
245
_a
The press as mediator between state and society
260
_c
1991
300
_a
23-4
362
_a
Mar.-Apr.
650
_a
Press
773
_a
Vidura
909
_a
15995
999
_c
15995
_d
15995